00299nam a2200121Ia 4500008004100000082001800041100002100059245003500080250000800115260002400123300000800147650002200155150201s2009 xx 000 0 und d a610.734bC09P aPRABHAKARA, G.N. aTB. OF COMMUNITY HEALTH NURSES a2ND bPEEPEEaDELHIc2009 a530 aCOMMUNITy NURSING